000 00387nam a2200157Ia 4500
005 20260122095452.0
008 260121s9999||||xx |||||||||||||| ||und||
020 _a9788131244579
082 _a616.89
_bGUP
100 _aGupta Ravi
245 0 _aPsychiatry for beginners /
250 _a1st ed.
260 _aAmsterdam :
_bElsevier,
_c2022.
300 _axii, 267 p.; pbk
942 _cTB
999 _c48056
_d48056